Biggest Pop Hits(female version) - Statistics

General Stats
  • This quiz has been taken 61 times
  • The average score is 8 of 20
Answer Stats
#1 Debut Name Artist % Correct
2024 we can`t be friends Ariana Grande
72%
2024 Please Please Please Sabrina Carpenter
70%
2024 TEXAS HOLD `EM Beyonce
64%
2023 Flowers Miley Cyrus
62%
2019 bad guy Billie eilish
58%
2023 Vampire Olivia Rodrigo
55%
2023 KILL BILL SZA
49%
2024 AIWFCIY Mariah Carey
45%
2013 Roar Katy Perry
40%
2021 Easy on Me Adele
36%
2024 HISS Megan Thee Stallion
36%
2022 About Damn Time Lizzo
34%
2023 Cruel Summer Taylor Swift
34%
2023 Paint The Town Red Doja cat
34%
2012 Diamonds Rihanna
28%
2011 Born this way Lady gaga
25%
2019 Lose You to Love Me Selena Gomez
25%
2019 Without Me Halsey
25%
2022 Super Freaky Girl Nicki Minaj
21%
2021 Up Cardi B
19%
No matching quizzes found
Score Distribution
Percent of People with Each Score
Percentile by Number Answered
Your Score History
You have not taken this quiz